[Event "corr t-161"]
[Site "?"]
[Date "2004.??.??"]
[Round "?"]
[White "Yarmolyuk, YuP"]
[Black "Tyutyunnyk, RM."]
[Result "1/2-1/2"]
[WhiteElo "2270"]
[BlackElo "2155"]
[PlyCount "33"]
[EventDate "2004.??.??"]

1. b4 e5 2. Bb2 f6 3. e4 Bxb4 4. Bc4 Nc6 5. f4 d6 6. f5 Nge7 7. Qh5+ g6 8. fxg6
Nxg6 9. Nf3 Qe7 10. Nh4 Qg7 11. Nf5 Qf8 12. O-O Bc5+ 13. Kh1 Bd7 14. Nh6 Qg7
15. Nf5 Qf8 16. Nh6 Qg7 17. Nf5 {Time 19/38} 1/2-1/2

[Event "corr t-161"]
[Site "?"]
[Date "2004.??.??"]
[Round "?"]
[White "Bayda, VP."]
[Black "Moiseev, SV."]
[Result "1-0"]
[WhiteElo "2160"]
[BlackElo "2250"]
[PlyCount "51"]
[EventDate "2004.??.??"]

1. e4 c5 2. Nf3 Nc6 3. d4 cxd4 4. Nxd4 Nf6 5. Nc3 e5 6. Ndb5 d6 7. Bg5 a6 8.
Na3 Be6 9. Nc4 Rc8 10. Bxf6 gxf6 11. Bd3 Ne7 12. Ne3 Bh6 13. O-O Bxe3 14. fxe3
Qb6 15. Qf3 Rc7 16. Rae1 Qxb2 17. Nd5 Bxd5 18. Qxf6 Rf8 19. exd5 Qb6 20. Kh1
Ng6 21. h4 e4 22. Bxe4 Rc4 23. Bxg6 hxg6 24. Rf4 Qb4 25. Ref1 Qc5 26. Qe6+ {
Time 18/26} 1-0

[Event "corr t-161"]
[Site "?"]
[Date "2004.??.??"]
[Round "?"]
[White "Moiseev, SV."]
[Black "Susedenko, VI."]
[Result "0-1"]
[WhiteElo "2250"]
[BlackElo "2210"]
[PlyCount "48"]
[EventDate "2004.??.??"]

1. d4 Nf6 2. c4 g6 3. Nc3 Bg7 4. e4 d6 5. f3 O-O 6. Be3 Nc6 7. Nge2 a6 8. Qd2
Rb8 9. Bh6 Bxh6 10. Qxh6 e5 11. O-O-O b5 12. h4 bxc4 13. h5 Qe7 14. g4 exd4 15.
Nxd4 Nxd4 16. Rxd4 Be6 17. hxg6 fxg6 18. Bxc4 Bxc4 19. Rxc4 c5 20. Qh2 Rb4 21.
b3 Rxc4 22. bxc4 Qf7 23. Nd5 Nxd5 24. cxd5 24... Qg7 {Time 25/16} 0-1

[Event "corr t-161"]
[Site "?"]
[Date "2004.??.??"]
[Round "?"]
[White "Kovalsky, VV."]
[Black "Yarmolyuk, YuP"]
[Result "1/2-1/2"]
[WhiteElo "2150"]
[BlackElo "2270"]
[PlyCount "80"]
[EventDate "2004.??.??"]

1. e4 e5 2. Nf3 Nf6 3. Nxe5 d6 4. Nf3 Nxe4 5. Qe2 Qe7 6. d3 Nf6 7. Bg5 Qxe2+ 8.
Bxe2 Be7 9. Nc3 c6 10. O-O-O Na6 11. Rhe1 Nc7 12. Nd4 Ne6 13. Be3 Nxd4 14. Bxd4
O-O 15. f4 Re8 16. Bf3 Bd7 17. Re2 Kf8 18. Rde1 d5 19. Nd1 Bb4 20. c3 Rxe2 21.
Rxe2 Be7 22. Ne3 b6 23. b4 Re8 24. Kd2 Ng8 25. g3 Nh6 26. a3 Bd6 27. Nc2 Rxe2+
28. Kxe2 Nf5 29. Bf2 g6 30. a4 h5 31. a5 Bc7 32. axb6 axb6 33. c4 dxc4 34. dxc4
Ke7 35. Kd3 f6 36. c5 b5 37. h4 Be8 38. Be4 Ke6 39. Nd4+ Nxd4 40. Bxd4 40...
Ke7 {Time 32/37} 1/2-1/2

[Event "corr t-161"]
[Site "?"]
[Date "2004.??.??"]
[Round "?"]
[White "Moiseev, SV."]
[Black "Kovalsky, VV."]
[Result "0-1"]
[WhiteElo "2250"]
[BlackElo "2150"]
[PlyCount "52"]
[EventDate "2004.??.??"]

1. d4 d5 2. c4 e6 3. Nc3 Nf6 4. Bg5 Nbd7 5. e3 c6 6. Nf3 Qa5 7. Nd2 Bb4 8. Qc2
O-O 9. Be2 dxc4 10. Bxf6 Nxf6 11. Nxc4 Qc7 12. O-O Rd8 13. a3 Be7 14. b4 b6 15.
Rfc1 Bb7 16. Ne5 Rac8 17. Na4 Bd6 18. Nf3 e5 19. dxe5 Bxe5 20. Nxe5 Qxe5 21.
Bf3 Ba6 22. Be2 Bxe2 23. Qxe2 Ne4 24. f3 Rd2 25. Qf1 Ng5 26. Qe1 26... Nxf3+ {
Time 25/19} 0-1

[Event "corr t-161"]
[Site "?"]
[Date "2004.??.??"]
[Round "?"]
[White "Kovalsky, VV."]
[Black "Bayda, VP."]
[Result "1-0"]
[WhiteElo "2150"]
[BlackElo "2160"]
[PlyCount "77"]
[EventDate "2004.??.??"]

1. e4 Nf6 2. e5 Nd5 3. Nc3 Nxc3 4. bxc3 d5 5. d4 c5 6. Nf3 Nc6 7. Be2 Bg4 8.
O-O e6 9. Rb1 Qd7 10. Qd2 c4 11. Qg5 Bf5 12. Rb2 b6 13. Nh4 Bg6 14. Nxg6 hxg6
15. Rb1 Be7 16. Qg3 O-O-O 17. a4 Kc7 18. Be3 Rh7 19. h3 Kb7 20. Rb5 Rdh8 21.
Rfb1 Bd8 22. a5 a6 23. Rxb6+ Bxb6 24. Rxb6+ Kc7 25. Rxa6 Rb8 26. Qf3 Rb1+ 27.
Kh2 Rh8 28. Rxc6+ Kxc6 29. Bxc4 Ra1 30. Bd3 Rxa5 31. c4 Ra3 32. Bc1 Rxd3 33.
Qxd3 Rc8 34. cxd5+ exd5 35. Qa6+ Kc7 36. Bg5 Qe6 37. Qa7+ Kc6 38. Be7 Kb5 39.
Qb7+ {Time 24/23} 1-0

[Event "corr t-161"]
[Site "?"]
[Date "2004.??.??"]
[Round "?"]
[White "Kovalsky, VV."]
[Black "Tyutyunnyk, RM."]
[Result "1/2-1/2"]
[WhiteElo "2135"]
[BlackElo "2155"]
[PlyCount "59"]
[EventDate "2004.??.??"]

1. e4 d5 2. exd5 Nf6 3. d4 Bg4 4. f3 Bf5 5. Bb5+ Nbd7 6. Nc3 a6 7. Ba4 b5 8.
Bb3 Nb6 9. Nge2 Nfxd5 10. Nxd5 Nxd5 11. O-O g6 12. Ng3 Bc8 13. c3 Bg7 14. Re1
O-O 15. Bg5 Nf6 16. Ne4 Bb7 17. Bxf6 exf6 18. Nc5 Bc6 19. Qd2 Qd6 20. Qf2 f5
21. a4 Rfe8 22. a5 b4 23. Rxe8+ Bxe8 24. Re1 Bb5 25. f4 Kf8 26. Re3 Re8 27.
Rxe8+ Kxe8 28. Qe3+ Kf8 29. Bd1 Qd5 30. Bb3 {Time 17/64} 1/2-1/2

[Event "corr t-161"]
[Site "?"]
[Date "2004.??.??"]
[Round "?"]
[White "Moiseev, SV."]
[Black "Tsupko, BYu"]
[Result "1/2-1/2"]
[WhiteElo "2250"]
[BlackElo "2230"]
[PlyCount "52"]
[EventDate "2004.??.??"]

1. d4 Nf6 2. c4 c5 3. d5 e6 4. Nc3 exd5 5. cxd5 d6 6. e4 g6 7. Nf3 Bg7 8. Be2
O-O 9. O-O Bg4 10. Nd2 Bxe2 11. Qxe2 Re8 12. Nc4 b5 13. Nxb5 Nxe4 14. Qc2 a6
15. Nc3 Nxc3 16. bxc3 Qf6 17. Bd2 Nd7 18. Rab1 Ne5 19. Nb6 Ra7 20. f4 Ng4 21.
Nc4 Qh4 22. h3 Qg3 23. hxg4 Re2 24. Ne3 Re7 25. Rf3 R7xe3 26. Rxg3 26... Rxg3 {
Time 29/29} 1/2-1/2

[Event "corr t-161"]
[Site "?"]
[Date "2004.??.??"]
[Round "?"]
[White "Andryuschenko, MM."]
[Black "Susedenko, VI."]
[Result "1-0"]
[WhiteElo "2205"]
[BlackElo "2210"]
[PlyCount "63"]
[EventDate "2004.??.??"]

1. e4 c5 2. c3 Nf6 3. e5 Nd5 4. d4 cxd4 5. Nf3 Nc6 6. Bc4 Nb6 7. Bb3 d5 8. exd6
Qxd6 9. O-O Be6 10. Na3 dxc3 11. Qe2 Bxb3 12. Nb5 Qb8 13. axb3 c2 14. Be3 Nd5
15. Bxa7 Nxa7 16. Nxa7 e6 17. Qb5+ Kd8 18. Nd4 Nb4 19. Ra4 Rxa7 20. Rxb4 Qa8
21. Nxe6+ fxe6 22. Rd4+ Kc7 23. Rd7+ Kc8 24. Rf7 Be7 25. Rxe7 b6 26. Qc4+ Kb8
27. Rxe6 Qb7 28. Qxc2 g6 29. Qc3 Rc8 30. Qe3 Ra6 31. Re7 Qc6 32. Rxh7 1-0

[Event "corr t-161"]
[Site "?"]
[Date "2004.??.??"]
[Round "?"]
[White "Voronin, OS."]
[Black "Tyutyunnyk, RM."]
[Result "1/2-1/2"]
[WhiteElo "2345"]
[BlackElo "2155"]
[PlyCount "60"]
[EventDate "2004.??.??"]

1. e4 e5 2. Nf3 Nc6 3. Bb5 a6 4. Ba4 Nf6 5. O-O Nxe4 6. d4 b5 7. Bb3 d5 8. dxe5
Be6 9. Nbd2 Nc5 10. c3 d4 11. Bxe6 Nxe6 12. cxd4 Ncxd4 13. Ne4 Be7 14. Be3 Nf5
15. Qc2 O-O 16. Rad1 Nxe3 17. fxe3 Qc8 18. h3 Rd8 19. Rc1 c5 20. Qf2 Qb7 21.
Nh2 Qxe4 22. Qxf7+ Kh8 23. Qxe6 Bg5 24. Kh1 Re8 25. Qf7 Qxe5 26. Nf3 Qe7 27.
Nxg5 Qxg5 28. Rf5 Qxe3 29. Rfxc5 Qd2 30. Qb3 30... Rad8 {Time 41/26} 1/2-1/2

[Event "corr t-161"]
[Site "?"]
[Date "2004.??.??"]
[Round "?"]
[White "Susedenko, VI."]
[Black "Kovalsky, VV."]
[Result "1/2-1/2"]
[WhiteElo "2210"]
[BlackElo "2150"]
[PlyCount "67"]
[EventDate "2004.??.??"]

1. d4 d5 2. c4 e6 3. Nc3 Nf6 4. Bg5 Nbd7 5. e3 c6 6. Nf3 Qa5 7. Nd2 Bb4 8. Qc2
O-O 9. Be2 dxc4 10. Bxf6 Nxf6 11. Nxc4 Qc7 12. a3 Be7 13. O-O Rd8 14. b4 b6 15.
Rac1 Bb7 16. Bf3 a5 17. Ne5 axb4 18. Nb5 Qc8 19. Nxc6 Bxc6 20. Bxc6 Ra5 21.
axb4 Bxb4 22. Rb1 Rxb5 23. Qc4 Rh5 24. Rxb4 Qc7 25. g3 Ra5 26. Rfb1 Rb8 27. Bg2
Qxc4 28. Rxc4 b5 29. Rcb4 Ne8 30. Kf1 Kf8 31. Ke2 Ke7 32. Kf3 Nc7 33. R1b2 Kd6
34. R4b3 {Time 29/20} 1/2-1/2

[Event "corr t-161"]
[Site "?"]
[Date "2004.??.??"]
[Round "?"]
[White "Yarmolyuk, YuP"]
[Black "Moiseev, SV."]
[Result "1-0"]
[WhiteElo "2270"]
[BlackElo "2250"]
[PlyCount "43"]
[EventDate "2004.??.??"]

1. d4 d5 2. c4 e6 3. Nc3 c5 4. cxd5 exd5 5. Nf3 Nc6 6. g3 Nf6 7. Bg2 Be7 8. O-O
O-O 9. Bg5 cxd4 10. Nxd4 h6 11. Bf4 Bg4 12. h3 Bh5 13. Qa4 Qb6 14. Nf5 Bc5 15.
Bxd5 Bg6 16. Nh4 Nxd5 17. Nxd5 Qxb2 18. Nxg6 fxg6 19. Nc7 Qxe2 20. Rac1 Bb6 21.
Nxa8 Rxa8 22. Bc7 {Time 19/29} 1-0

[Event "corr t-161"]
[Site "?"]
[Date "2004.??.??"]
[Round "?"]
[White "Michishin, AM."]
[Black "Bayda, VP."]
[Result "1-0"]
[WhiteElo "2305"]
[BlackElo "2160"]
[PlyCount "35"]
[EventDate "2004.??.??"]

1. d4 d5 2. c4 c6 3. cxd5 cxd5 4. Nc3 Nf6 5. Nf3 Nc6 6. Bf4 e6 7. e3 Bd6 8. Bg3
O-O 9. Bb5 Bb4 10. Ne5 Nxe5 11. Bxe5 Bxc3+ 12. bxc3 Qa5 13. Qb3 Bd7 14. Bd3
Rfc8 15. Qb4 Qxb4 16. cxb4 Ne4 17. f3 Rc6 18. fxe4 1-0

[Event "corr t-161"]
[Site "?"]
[Date "2004.??.??"]
[Round "?"]
[White "Susedenko, VI."]
[Black "Shabanov, VM."]
[Result "1/2-1/2"]
[WhiteElo "2210"]
[BlackElo "2305"]
[PlyCount "39"]
[EventDate "2004.??.??"]

1. e4 c5 2. Nf3 d6 3. d4 cxd4 4. Nxd4 Nf6 5. Nc3 a6 6. Bc4 e6 7. Bb3 b5 8. O-O
Be7 9. f3 O-O 10. Be3 Bd7 11. Qd2 Nc6 12. a4 b4 13. Nce2 d5 14. exd5 Nxd5 15.
Bxd5 exd5 16. Nxc6 Bxc6 17. Nd4 Bd7 18. Rfd1 Rc8 19. Qd3 a5 20. Nb3 {Time 25/42
} 1/2-1/2

[Event "corr t-161"]
[Site "?"]
[Date "2004.??.??"]
[Round "?"]
[White "Shabanov, VM."]
[Black "Voronin, OS."]
[Result "1/2-1/2"]
[WhiteElo "2305"]
[BlackElo "2345"]
[PlyCount "48"]
[EventDate "2004.??.??"]

1. e4 e5 2. Nf3 Nc6 3. Bb5 a6 4. Ba4 Nf6 5. O-O Be7 6. Re1 b5 7. Bb3 d6 8. c3
O-O 9. h3 Bb7 10. d4 Re8 11. Nbd2 Bf8 12. Bc2 Nb8 13. b3 Nbd7 14. d5 c6 15. c4
g6 16. Nf1 Qc7 17. Be3 Rec8 18. Rc1 bxc4 19. bxc4 a5 20. Bb1 Ba6 21. Ng3 Rab8
22. Bd3 Nc5 23. Bxc5 dxc5 24. Qe2 24... Nd7 {Time 36/44} 1/2-1/2

[Event "corr t-161"]
[Site "?"]
[Date "2004.??.??"]
[Round "?"]
[White "Pastyrsky, ChS"]
[Black "Babij, GI."]
[Result "0-1"]
[WhiteElo "2150"]
[BlackElo "2165"]
[PlyCount "38"]
[EventDate "2004.??.??"]

1. e4 c6 2. d4 d5 3. Nc3 dxe4 4. Nxe4 Nd7 5. Bc4 Ngf6 6. Ng5 e6 7. Qe2 Nb6 8.
Bb3 h6 9. N5f3 a5 10. c3 a4 11. Bc2 c5 12. dxc5 Bxc5 13. Qb5+ Nbd7 14. Bxa4 O-O
15. Bc2 Qc7 16. Qe2 b6 17. Nh3 e5 18. Be3 Ba6 19. Bd3 19... Bxd3 {Time 26/27}
0-1

[Event "corr t-161"]
[Site "?"]
[Date "2004.??.??"]
[Round "?"]
[White "Babij, GI."]
[Black "Moiseev, SV."]
[Result "1/2-1/2"]
[WhiteElo "2165"]
[BlackElo "2250"]
[PlyCount "55"]
[EventDate "2004.??.??"]

1. e4 c5 2. Nf3 Nc6 3. Bb5 g6 4. O-O Bg7 5. c3 Nf6 6. Re1 O-O 7. d4 d5 8. e5
Ne4 9. Nbd2 cxd4 10. Nxe4 dxe4 11. Nxd4 Nxe5 12. Rxe4 a6 13. Bf1 Nc6 14. Be3
Qd5 15. Bd3 Rd8 16. Bc2 Qa5 17. Qe2 Nxd4 18. Bxd4 Bxd4 19. cxd4 Be6 20. a3 Qb6
21. Rd1 Rd6 22. b4 Rad8 23. Qd2 Kg7 24. Rh4 h5 25. Qe3 Qc7 26. Be4 Qd7 27. Rxh5
Rxd4 28. Qh6+ {Time 38/29} 1/2-1/2

[Event "corr t-161"]
[Site "?"]
[Date "2004.??.??"]
[Round "?"]
[White "Tsupko, BYu"]
[Black "Shabanov, VM."]
[Result "1-0"]
[WhiteElo "2230"]
[BlackElo "2305"]
[PlyCount "39"]
[EventDate "2004.??.??"]

1. d4 Nf6 2. c4 g6 3. Nc3 Bg7 4. e4 d6 5. Be2 O-O 6. Bg5 c5 7. d5 e6 8. Qd2
exd5 9. exd5 Re8 10. Nf3 Bf5 11. O-O a6 12. Nh4 Qc8 13. Bf4 Bf8 14. Nxf5 Qxf5
15. Bd3 Qh5 16. f3 Nbd7 17. Ne4 Nxe4 18. fxe4 Ne5 19. Be2 Qh4 20. Bg5 {
Time 23/29} 1-0

[Event "corr t-161"]
[Site "?"]
[Date "2004.??.??"]
[Round "?"]
[White "Bayda, VP."]
[Black "Babij, GI."]
[Result "1/2-1/2"]
[WhiteElo "2160"]
[BlackElo "2165"]
[PlyCount "54"]
[EventDate "2004.??.??"]

1. d4 Nf6 2. Bg5 e6 3. e4 h6 4. Bxf6 Qxf6 5. Nf3 d5 6. Nbd2 c5 7. Bb5+ Nc6 8.
c3 cxd4 9. Nxd4 Bd7 10. Qa4 Bc5 11. O-O Bxd4 12. exd5 exd5 13. Bxc6 Bxc6 14.
Qxd4 Qxd4 15. cxd4 Kd7 16. Rfe1 Rae8 17. Re3 Rxe3 18. fxe3 Re8 19. Kf2 h5 20.
Re1 Kd6 21. Kf3 g5 22. h3 h4 23. Kf2 b6 24. Rc1 f6 25. Rc3 Re6 26. b3 Bd7 27.
Nf1 27... a5 {Time 30/38} 1/2-1/2

[Event "corr t-161"]
[Site "?"]
[Date "2004.??.??"]
[Round "?"]
[White "Kovalsky, VV."]
[Black "Pastyrsky, ChS"]
[Result "1-0"]
[WhiteElo "2150"]
[BlackElo "2150"]
[PlyCount "69"]
[EventDate "2004.??.??"]

1. e4 c5 2. Nf3 d6 3. d4 cxd4 4. Nxd4 Nf6 5. Nc3 a6 6. Bg5 e6 7. f4 Be7 8. Qf3
Qc7 9. O-O-O Nbd7 10. Bd3 b5 11. Rhe1 Bb7 12. Qg3 b4 13. Nd5 exd5 14. exd5 Kd8
15. Rxe7 Kxe7 16. Nf5+ Kd8 17. Bh4 Qa5 18. Nxd6 Bxd5 19. Bc4 Kc7 20. f5 Kc6 21.
Bxf6 Nxf6 22. Qxg7 Qd8 23. Nxf7 Qe7 24. Bxd5+ Nxd5 25. Ne5+ Kb6 26. Qh6+ Nf6
27. Rd6+ Kb5 28. a4+ bxa3 29. c4+ Ka4 30. b3+ Kxb3 31. Qe3+ Ka4 32. Rb6 Qb4 33.
Rxb4+ Kxb4 34. Kc2 Rhb8 35. Qb3+ {Time 26/33} 1-0

[Event "corr t-161"]
[Site "?"]
[Date "2004.??.??"]
[Round "?"]
[White "Kovalsky, VV."]
[Black "Kochan, IM."]
[Result "1-0"]
[WhiteElo "2150"]
[BlackElo "2175"]
[PlyCount "89"]
[EventDate "2004.??.??"]

1. e4 e5 2. Nf3 Nf6 3. Nxe5 d6 4. Nf3 Nxe4 5. Qe2 Qe7 6. d3 Nf6 7. Bg5 Qxe2+ 8.
Bxe2 Be7 9. Nc3 c6 10. O-O-O Na6 11. Rhe1 Nc7 12. Nd4 Ne6 13. Be3 Nxd4 14. Bxd4
Be6 15. f4 O-O 16. Bf3 Nd7 17. g4 Bf6 18. Bxf6 Nxf6 19. f5 Bd7 20. Ne4 Ne8 21.
d4 Rd8 22. d5 c5 23. Rd3 a5 24. Rde3 b5 25. Kd2 Bc8 26. Ra3 a4 27. c4 Bd7 28.
cxb5 Bxb5 29. Nc3 Rb8 30. Re7 g6 31. Kc1 gxf5 32. gxf5 Bd3 33. Be4 Bxe4 34.
Nxe4 Rb4 35. Rg3+ Kh8 36. Ng5 Kg7 37. Rd7 Kh6 38. Nxf7+ Kh5 39. Nxd6 Nf6 40.
Rdg7 Kh4 41. Ra7 Rd4 42. Nb5 Rxd5 43. Rxa4+ Kh5 44. Rh3+ Kg5 45. Nc7 {
Time 30/82} 1-0

[Event "corr t-161"]
[Site "?"]
[Date "2004.??.??"]
[Round "?"]
[White "Tyutyunnyk, RM."]
[Black "Moiseev, SV."]
[Result "1-0"]
[WhiteElo "2155"]
[BlackElo "2250"]
[PlyCount "53"]
[EventDate "2004.??.??"]

1. e4 c5 2. Nf3 Nc6 3. d4 cxd4 4. Nxd4 Nf6 5. Nc3 e5 6. Ndb5 d6 7. Bg5 a6 8.
Bxf6 gxf6 9. Na3 f5 10. Bd3 Rg8 11. g3 d5 12. Nxd5 Be6 13. Nc4 Bxd5 14. exd5
Qxd5 15. O-O Bc5 16. Nxe5 Kf8 17. Nxc6 bxc6 18. Qh5 Re8 19. Qxh7 Re5 20. Qh6+
Rg7 21. Rae1 Rxe1 22. Rxe1 Qf3 23. Re2 f4 24. Qh8+ Rg8 25. Qf6 Rg4 26. Qe5 Qd5
27. Qh8+ {Time 47/31} 1-0

[Event "corr t-161"]
[Site "?"]
[Date "2004.??.??"]
[Round "?"]
[White "Andryuschenko, MM."]
[Black "Tesel'ko, VL."]
[Result "1-0"]
[WhiteElo "2205"]
[BlackElo "2230"]
[PlyCount "53"]
[EventDate "2004.??.??"]

1. e4 c5 2. c3 Nf6 3. e5 Nd5 4. d4 cxd4 5. Nf3 Nc6 6. Bc4 Nb6 7. Bb3 d5 8. exd6
Qxd6 9. O-O Be6 10. Na3 dxc3 11. Qe2 Bxb3 12. Nb5 Qb8 13. axb3 g6 14. Be3 Nd5
15. Bxa7 Nxa7 16. Rxa7 Rxa7 17. Nxa7 Nc7 18. Qe5 f6 19. Qxc3 Nd5 20. Qc4 e6 21.
Nd4 Bd6 22. Nxe6 Nb6 23. Qb5+ Nd7 24. Re1 Bxh2+ 25. Kh1 Be5 26. Rd1 Bd6 27. Nc5
1-0

[Event "corr t-161"]
[Site "?"]
[Date "2004.??.??"]
[Round "?"]
[White "Tsupko, BYu"]
[Black "Susedenko, VI."]
[Result "1/2-1/2"]
[WhiteElo "2230"]
[BlackElo "2210"]
[PlyCount "41"]
[EventDate "2004.??.??"]

1. d4 Nf6 2. c4 e6 3. g3 d5 4. Bg2 dxc4 5. Nf3 c5 6. O-O Nc6 7. Ne5 Bd7 8. Na3
cxd4 9. Naxc4 Bc5 10. Qb3 Qc8 11. Bg5 O-O 12. Rac1 Nd5 13. Nd3 b6 14. Bxd5 exd5
15. Nd2 Re8 16. Nxc5 bxc5 17. Rxc5 Rxe2 18. Nf3 Rb8 19. Qxd5 Qe8 20. Bc1 Rd8
21. Bg5 {Time 30/34} 1/2-1/2

[Event "corr t-161"]
[Site "?"]
[Date "2004.??.??"]
[Round "?"]
[White "Bayda, VP."]
[Black "Tsupko, BYu"]
[Result "0-1"]
[WhiteElo "2160"]
[BlackElo "2230"]
[PlyCount "66"]
[EventDate "2004.??.??"]

1. e4 Nf6 2. e5 Nd5 3. d4 d6 4. Nf3 g6 5. Bc4 Nb6 6. Bb3 Bg7 7. Bf4 O-O 8. Qe2
Bg4 9. Nbd2 Nc6 10. Qe4 Bf5 11. Qe3 Nb4 12. Bh6 N6d5 13. Qg5 f6 14. Qh4 Nxc2+
15. Bxc2 Bxc2 16. Bxg7 Kxg7 17. O-O Qd7 18. Rfe1 fxe5 19. dxe5 Rf4 20. Qg3 Rg4
21. e6 Qa4 22. b3 Rxg3 23. bxa4 Rg4 24. a5 Ra4 25. Nb3 c5 26. h3 Nf4 27. Nfd2
Nd3 28. Re3 b5 29. g3 Rf8 30. f4 Nb4 31. a3 Nd5 32. Ree1 Bxb3 33. Nxb3 33... a6
{Time 31/40} 0-1

[Event "corr t-161"]
[Site "?"]
[Date "2004.??.??"]
[Round "?"]
[White "Pastyrsky, ChS"]
[Black "Bayda, VP."]
[Result "1-0"]
[WhiteElo "2150"]
[BlackElo "2160"]
[PlyCount "67"]
[EventDate "2004.??.??"]

1. e4 c5 2. Nf3 d6 3. d4 cxd4 4. Nxd4 Nf6 5. Nc3 a6 6. Be3 e5 7. Nb3 Be6 8. Qd2
Nbd7 9. f3 Be7 10. g4 h6 11. O-O-O b5 12. h4 Nb6 13. Qf2 Nbd7 14. Kb1 Rc8 15.
Bh3 Rxc3 16. bxc3 Ng8 17. Bg2 Qc7 18. Kb2 a5 19. a3 a4 20. Nc1 Ngf6 21. g5 Nh5
22. gxh6 Nf4 23. hxg7 Rg8 24. Bxf4 exf4 25. Bf1 Bf6 26. Qd2 Ke7 27. Ne2 b4 28.
axb4 a3+ 29. Kb1 Qc4 30. Qxd6+ Ke8 31. Kc1 Rxg7 32. Kd2 Ne5 33. Nd4 Nxf3+ 34.
Kc1 {Time 37/49} 1-0

[Event "corr t-161"]
[Site "?"]
[Date "2004.??.??"]
[Round "?"]
[White "Bayda, VP."]
[Black "Zakharov, OYu"]
[Result "1/2-1/2"]
[WhiteElo "2160"]
[BlackElo "2150"]
[PlyCount "73"]
[EventDate "2004.??.??"]

1. d4 Nf6 2. Bg5 e6 3. e4 h6 4. Bxf6 Qxf6 5. Nf3 c5 6. c3 Nc6 7. Be2 d5 8. exd5
exd5 9. O-O Bg4 10. Na3 O-O-O 11. Nc2 Bd6 12. dxc5 Bxc5 13. Rc1 Rhe8 14. Ncd4
Kb8 15. Nxc6+ bxc6 16. Rc2 Re7 17. Rd2 Rde8 18. Nd4 Bxe2 19. Nxe2 g6 20. b4 Bb6
21. a4 Qe5 22. a5 Bc7 23. g3 Qf6 24. Nd4 Be5 25. Qa4 Bxd4 26. cxd4 Re1 27. Qb3
Rxf1+ 28. Kxf1 Qe6 29. Rd1 Qe2+ 30. Kg2 f5 31. h3 a6 32. Qf3 Kc7 33. Rd3 Qxf3+
34. Rxf3 Re4 35. Rd3 f4 36. gxf4 Rxf4 37. f3 {Time 39/33} 1/2-1/2

[Event "corr t-161"]
[Site "?"]
[Date "2004.??.??"]
[Round "?"]
[White "Zakharov, OYu"]
[Black "Tesel'ko, VL."]
[Result "1-0"]
[WhiteElo "2150"]
[BlackElo "2230"]
[PlyCount "77"]
[EventDate "2004.??.??"]

1. e4 c5 2. Nf3 Nf6 3. e5 Nd5 4. d4 cxd4 5. Qxd4 e6 6. Bc4 Nc6 7. Qe4 d6 8.
exd6 Nf6 9. Qe2 Bxd6 10. Nc3 a6 11. Bg5 Be7 12. O-O O-O 13. Rfd1 Qc7 14. Ne4
Nxe4 15. Qxe4 Bd7 16. Rd2 Bxg5 17. Nxg5 g6 18. Qh4 h5 19. Ne4 Rad8 20. Nf6+ Kg7
21. Nxh5+ Kh7 22. Rd3 Bc8 23. Rh3 Qe5 24. Nf4+ Kg7 25. Qh7+ Kf6 26. Rf3 Qf5 27.
Nh5+ gxh5 28. Rxf5+ exf5 29. Qh6+ Ke7 30. Re1+ Kd7 31. Qf4 b5 32. Bd3 Ne7 33.
Qe3 Rfe8 34. Qb6 h4 35. Rd1 Nd5 36. Bxf5+ Ke7 37. Qc5+ Kf6 38. Bxc8 Rxc8 39.
Qxd5 {Time 27/58} 1-0

[Event "corr t-161"]
[Site "?"]
[Date "2004.??.??"]
[Round "?"]
[White "Kovalsky, VV."]
[Black "Zholob, AF."]
[Result "1-0"]
[WhiteElo "2150"]
[BlackElo "2205"]
[PlyCount "57"]
[EventDate "2004.??.??"]

1. e4 e6 2. d4 d5 3. Nd2 c5 4. exd5 Qxd5 5. Ngf3 cxd4 6. Bc4 Qd6 7. O-O Nf6 8.
Nb3 Nc6 9. Nbxd4 Nxd4 10. Nxd4 a6 11. Bb3 Qc7 12. Qf3 Bd6 13. h3 Bd7 14. Re1
O-O-O 15. Bg5 Qc5 16. Bxf6 gxf6 17. Qxf6 Rhg8 18. Re4 Rg6 19. Qxf7 Rdg8 20. g4
Rf8 21. Qxh7 Rgf6 22. Rf1 e5 23. g5 exd4 24. gxf6 Rxf6 25. Qh8+ Rf8 26. Qxd4
Qxd4 27. Rxd4 Be5 28. Rd3 Bb5 29. Be6+ {Time 17/42} 1-0

[Event "corr t-161"]
[Site "?"]
[Date "2004.??.??"]
[Round "?"]
[White "Zakharov, OYu"]
[Black "Moiseev, SV."]
[Result "1-0"]
[WhiteElo "2150"]
[BlackElo "2250"]
[PlyCount "67"]
[EventDate "2004.??.??"]

1. e4 c5 2. Nf3 Nc6 3. d4 cxd4 4. Nxd4 Nf6 5. Nc3 e5 6. Ndb5 d6 7. a4 a6 8. Na3
Be6 9. Bc4 Rc8 10. O-O Be7 11. Re1 O-O 12. b3 Nd4 13. Bb2 Re8 14. Nd5 Nxd5 15.
exd5 Bd7 16. Bd3 Nf5 17. Nc4 Nh4 18. a5 Bf5 19. Bxf5 Nxf5 20. Qh5 g6 21. Qf3
Nh6 22. Re2 f5 23. Nb6 Rc7 24. Rae1 Bf6 25. c4 Kg7 26. b4 Nf7 27. Qb3 Ree7 28.
f4 exf4 29. Bxf6+ Kxf6 30. Qb2+ Kg5 31. Re6 Ne5 32. Qd4 Qe8 33. h4+ Kh6 34.
Qxf4+ {Time 32/42} 1-0

[Event "corr t-161"]
[Site "?"]
[Date "2004.??.??"]
[Round "?"]
[White "Tyutyunnyk, RM."]
[Black "Tesel'ko, VL."]
[Result "1-0"]
[WhiteElo "2155"]
[BlackElo "2230"]
[PlyCount "51"]
[EventDate "2004.??.??"]

1. e4 c5 2. Nf3 Nf6 3. e5 Nd5 4. Nc3 e6 5. Nxd5 exd5 6. d4 Nc6 7. dxc5 Bxc5 8.
Qxd5 d6 9. exd6 Qb6 10. Bd3 Bxf2+ 11. Ke2 O-O 12. d7 Nb4 13. dxc8=Q Raxc8 14.
Qb3 Nxd3 15. cxd3 Rfe8+ 16. Kf1 Qxb3 17. axb3 Rc2 18. Bd2 Bb6 19. Rb1 h6 20. h4
g5 21. hxg5 hxg5 22. g4 f6 23. Rh2 Kg7 24. Re1 Rxe1+ 25. Bxe1 Rc8 26. Bc3 {
Time 31/73} 1-0

[Event "corr t-161"]
[Site "?"]
[Date "2004.??.??"]
[Round "?"]
[White "Babij, GI."]
[Black "Kovalsky, VV."]
[Result "1/2-1/2"]
[WhiteElo "2165"]
[BlackElo "2150"]
[PlyCount "57"]
[EventDate "2004.??.??"]

1. d4 d5 2. c4 e6 3. Nf3 Nf6 4. e3 c6 5. Bd3 dxc4 6. Bxc4 Nbd7 7. O-O b5 8. Bd3
a6 9. a4 Bb7 10. b3 bxa4 11. Rxa4 c5 12. dxc5 Bxf3 13. gxf3 Nxc5 14. Rd4 Qb6
15. Bc2 Be7 16. b4 Ncd7 17. Ba4 Rd8 18. Ba3 e5 19. Rd3 Qe6 20. Nd2 O-O 21. Qe2
Nb6 22. Bb3 Nfd5 23. Ne4 Bxb4 24. Bxb4 Qg6+ 25. Kh1 Nxb4 26. Rxd8 Rxd8 27. Rd1
Rxd1+ 28. Qxd1 h6 29. Qd8+ {Time 77/17} 1/2-1/2

[Event "corr t-161"]
[Site "?"]
[Date "2004.??.??"]
[Round "?"]
[White "Tyutyunnyk, RM."]
[Black "Zakharov, OYu"]
[Result "0-1"]
[WhiteElo "2155"]
[BlackElo "2150"]
[PlyCount "46"]
[EventDate "2004.??.??"]

1. e4 c5 2. Nf3 e6 3. d4 cxd4 4. Nxd4 Nf6 5. Nc3 d6 6. Be2 Nc6 7. Be3 Be7 8.
O-O O-O 9. f4 Qc7 10. Kh1 Bd7 11. Nb3 Rad8 12. Qe1 a6 13. Rd1 b5 14. a3 b4 15.
axb4 Nxb4 16. Qf2 Rb8 17. e5 Nfd5 18. exd6 Bxd6 19. Bc5 Rfc8 20. Bxd6 Qxd6 21.
Ne4 Qb6 22. Nd4 Nxc2 23. Nxc2 23... Rxc2 {Time 43/31} 0-1

[Event "corr t-161"]
[Site "?"]
[Date "2004.??.??"]
[Round "?"]
[White "Voronin, OS."]
[Black "Kochan, IM."]
[Result "1-0"]
[WhiteElo "2345"]
[BlackElo "2175"]
[PlyCount "61"]
[EventDate "2004.??.??"]

1. e4 e5 2. Nf3 Nc6 3. Bb5 a6 4. Ba4 Nf6 5. O-O Be7 6. Re1 b5 7. Bb3 d6 8. c3
O-O 9. h3 Na5 10. Bc2 c5 11. d4 Qc7 12. Nbd2 cxd4 13. cxd4 Nc6 14. Nb3 a5 15.
Be3 a4 16. Nbd2 Bd7 17. Rc1 Qb8 18. Nf1 Na5 19. b3 axb3 20. axb3 Nc6 21. Ng3
Ra3 22. Qd2 b4 23. Bg5 Rd8 24. Nf5 Bxf5 25. exf5 Rd7 26. Bxf6 gxf6 27. dxe5
fxe5 28. f6 Bxf6 29. Bf5 Rc7 30. Qxd6 Be7 31. Qh6 1-0